| 000 | 00481nam a2200193Ia 4500 | ||
|---|---|---|---|
| 008 | 210210b2017 xxu||||| |||| 00| 0 eng d | ||
| 020 | _a9788184875805 | ||
| 041 | _aeng | ||
| 082 | _a589.9028 KHUP | ||
| 100 | _aKHUSRO (Ameer) | ||
| 245 | _aPractical bacteriology | ||
| 260 |
_aNew Delhi _bNarosa Publishing House _c2017 |
||
| 300 | _axii,183 | ||
| 650 | _aPractical | ||
| 650 | _abacteriology | ||
| 690 | _aBacteriology | ||
| 700 | _aRAJ (J P Preetam) | ||
| 906 | _a072943 | ||
| 999 |
_c122915 _d122915 |
||